01734nam a2200421 i 4500001000700000003000800007005001700015006001900032007001500051008004100066020002700107035002300134035002400157035002500181035002200206040003100228050002200259080000800281082001500289100003500304245024700339264004900586300004700635336003100682337003300713338004300746500010100789504002900890588012700919650003001046650002701076650002501103650001301128655002701141700003801168700004401206856006201250130184FlNmELB20241217180238.0m o d | cr cnu||||||||171027s2016 cu ob 000 0 spa d a9789591633811 (e-book) a(MiAaPQ)EBC4946037 a(Au-PeEL)EBL4946037 a(CaPaEBR)ebr11423378 a(OCoLC)1105402484 aFINmELBbspaerdacFINmELB 4aGE300bB8264 2016 a5740 a3637052231 aBravo Avalos, María Belén.10aSistema integrado de gestión de calidad ambiental para la zona natural andina ecuatoriana de la provincia de Chimborazo /cautor: Ing. María Belén Bravo Avalos ; tutoras: Dra. Irene García Rondón, Dra. Zoe Luisa Rodríguez Cotilla. 1aLa Habana :bEditorial Universitaria,c2016. a1 recurso en línea (xiii, 228 páginas) atextobtxt2rdacontent/spa acomputadorabc2rdamedia/spa arecurso en líneabcr2rdacarrier/spa aTesis (Doctor en Ciencias Económicas)--Universidad de La Habana, Facultad de Economía, 2016. aContiene bibliografía. aDescripción basada en recurso en línea; Título de la página del título en PDF (e-libro, visto October 27, 2017). 0aEnvironmental management. 0aEnvironmental quality. 4aGestión ambiental. 4aCalidad. 4aLibros electrónicos.1 aGarcía Rondón, Irene,etutor.1 aRodríguez Cotilla, Zoe Luisa,etutor.40uhttps://elibro.net/ereader/politecnicointernacional/90903